000
00229nmm a2200085Ia 4500
008
220120s9999||||xx |||||||||||||||||und||
100
_a
Digit
245
0
_a
Hedgewars ; Open TTd tap windows 0.6.0, Aparche HTTP server
260
_c
2005
999
_c
138581
_d
138581